LEADER 01873nam0 22004213i 450 001 VAN00256694 005 20250718114715.167 017 70$2N$a9783642347436 100 $a20230405d2013 |0itac50 ba 101 $aeng 102 $aDE 105 $a|||| ||||| 181 $ai$b e 182 $ab 183 $acr 200 1 $aQuadruplex Nucleic Acids$fJonathan B. Chaires, David Graves editors$gwith contributions by R. Buscaglia ... [et al.] 210 $aHeidelberg$cSpringer$d2013 215 $aX, 278 p.$cill.$d24 cm 410 1$1001VAN00071253$12001 $aTopics in current chemistry$1210 $aBerlin$cSpringer 620 $aDE$dHeidelberg$3VANL000282 676 $a612.015$cFisiologia umana. Biochimica. Biochimica medica$v22 676 $a571.4$cBiofisica$v22 676 $a610.153$cFisica medica$v22 676 $a611.01816$cAcidi nucleici$v22 702 1$aChaires$bJonathan B.$3VANV016860 702 1$aGraves$bDavid$3VANV210140 712 $aSpringer $3VANV108073$4650 790 1$aChaires, J. B.$zChaires, Jonathan B.$3VANV065574 790 1$aChaires, J.B.$zChaires, Jonathan B.$3VANV065575 790 1$aChaires, Jonathan Bradford$zChaires, Jonathan B.$3VANV245743 801 $aIT$bSOL$c20250725$gRICA 856 4 $uhttps://link.springer.com/openurl?genre=book&isbn=978-3-642-34743-6$zE-book - Accesso al full-text attraverso riconoscimento IP di Ateneo, proxy e/o Shibboleth 899 $aBIBLIOTECA DEL DIPARTIMENTO DI SCIENZE E TECNOLOGIE AMBIENTALI BIOLOGICHE E FARMACEUTICHE$1IT-CE0101$2VAN17 912 $fN 912 $aVAN00256694 950 $aBIBLIOTECA DEL DIPARTIMENTO DI SCIENZE E TECNOLOGIE AMBIENTALI BIOLOGICHE E FARMACEUTICHE$d17CONS e-book 2304 $e17BIB2304/149 149 20230405 $sBuono 996 $aQuadruplex Nucleic Acids$92537428 997 $aUNICAMPANIA